000 00439nam a2200181Ia 4500
005 20240823033137.0
008 240823s9999||||xx |||||||||||||| ||und||
041 _aENGLISH
082 _A621.3815 N0
100 _aKumar Doss
245 2 _aA Text Book on Electronic Devices
250 _a2nd
260 _c1990
_b"Patheeba,Coimbatore"
500 _aTRANSFERED
650 _aDevices
_bInstrumentation
942 _cBK
999 _c195118
_d195118